000 00407nam a22001457a 4500
999 _c12935
_d12935
008 211228b ||||| |||| 00| 0 eng d
041 0 _aeng
082 0 0 _a351.5
_bM9927
100 _91282
_aMuthuswamy, P.
245 1 0 _aCCS commutation of pension
_cby P. Muthuswamy
260 _aNew Delhi :
_bSwamy Publications,
_c?
300 _aIv,56 p.
650 0 _aPublic Administration - India
_xPension
942 _cBK